Statistiques concernant Culture Générale - Série 1113

Cliquez ici pour prendre le quiz!

Statistiques générales

  • Ce quiz a été pris 30 fois
  • Le résultat moyen est 4 sur 10

Statistiques - réponses

Question Réponse % Correct
Comment appelle-t-on la personne qui vend ou fabrique des lunettes ?opticien
89%
Le titre d'un des plus célèbres romans d'Ernest Hemingway est "Pour qui sonne...le glas
86%
Comment nomme-t-on les expéditions militaires organisées par l'Église, du XIe au XIIe siècle, pour délivrer les Lieux saints de Jérusalem ?croisades
79%
Comment appelle-t-on les Algériens ayant combattu aux côtés des Français, pendant la guerre d'Algérie ?harkis
57%
En France, le service militaire a été supprimé en ...1997
54%
Dans quel album Tintin se rend-il en Syldavie et rencontre-t-il pour la première fois Bianca Castafiore ?Le Sceptre d'Ottokar
36%
Comment appelle-t-on les décisions du Conseil de sécurité de l’ONU ?résolutions
21%
En Allemagne, dans les années 1970 et 1980, sévissait un groupuscule terroriste, la Fraction armée rouge, mieux connue en France sous le nom de :bande à Baader
14%
En 2003, quel pays a été le théâtre de la révolution des Roses ?Géorgie
0%
Quel nom donne-t-on au combattant palestinien engagé dans des opérations de guérilla ?fedayin
0%

Distribution des résultats

Percentile par nombre de réponses

% des personnes avec chaque résultat

Votre développement - résultats

Vous n’avez pas pris ce quiz